|
|
|
|
| LEADER |
00000cam a22000004a 4500 |
| 001 |
musev2_24413 |
| 003 |
MdBmJHUP |
| 005 |
20230905042613.0 |
| 006 |
m o d |
| 007 |
cr||||||||nn|n |
| 008 |
131031s2013 dcu o 00 0 eng d |
| 020 |
|
|
|a 9780813221304
|
| 020 |
|
|
|z 9780813221298
|
| 035 |
|
|
|a (OCoLC)867740541
|
| 040 |
|
|
|a MdBmJHUP
|c MdBmJHUP
|
| 041 |
1 |
|
|a eng
|h lat
|
| 100 |
0 |
|
|a Peter,
|c the Venerable,
|d approximately 1092-1156,
|e author.
|
| 240 |
1 |
0 |
|a Adversus Iudeorum inveteratam duritiem.
|l English
|
| 245 |
1 |
0 |
|a Against the Inveterate Obduracy of the Jews /
|c Peter the Venerable ; translated by Irven M. Resnick.
|
| 264 |
|
1 |
|a Washington, D.C. :
|b The Catholic University of America Press,
|c [2013]
|
| 264 |
|
3 |
|a Baltimore, Md. :
|b Project MUSE,
|c 2013
|
| 264 |
|
4 |
|c ©[2013]
|
| 300 |
|
|
|a 1 online resource (296 pages):
|b illustration
|
| 336 |
|
|
|a text
|b txt
|2 rdacontent
|
| 337 |
|
|
|a computer
|b c
|2 rdamedia
|
| 338 |
|
|
|a online resource
|b cr
|2 rdacarrier
|
| 490 |
0 |
|
|a The fathers of the church. Mediaeval continuation ;
|v volume 14
|
| 546 |
|
|
|a English.
|
| 588 |
|
|
|a Description based on print version record.
|
| 600 |
0 |
7 |
|a Peter,
|c the Venerable,
|d approximately 1092-1156.
|2 fast
|0 (OCoLC)fst01841057
|
| 600 |
0 |
0 |
|a Peter,
|c the Venerable,
|d approximately 1092-1156.
|t Adversus Iudeorum inveteratam duritiem.
|
| 600 |
0 |
0 |
|a Peter,
|c the Venerable,
|d approximately 1092-1156.
|
| 650 |
|
7 |
|a Mittellatein
|2 gnd
|
| 650 |
|
7 |
|a Antijudaismus
|2 gnd
|
| 650 |
|
7 |
|a Literarische Polemik
|2 gnd
|
| 650 |
|
7 |
|a Judaism.
|2 fast
|0 (OCoLC)fst00984280
|
| 650 |
|
7 |
|a RELIGION
|x Christian Theology
|x Apologetics.
|2 bisacsh
|
| 650 |
|
7 |
|a RELIGION
|x Christianity
|x History.
|2 bisacsh
|
| 650 |
|
6 |
|a Judaïsme
|v Ouvrages de controverse
|v Ouvrages avant 1800.
|
| 650 |
|
0 |
|a Judaism
|v Controversial literature
|v Early works to 1800.
|
| 630 |
0 |
7 |
|a Adversus Iudeorum inveteratam duritiem (Peter, the Venerable)
|2 fast
|0 (OCoLC)fst01370268
|
| 655 |
|
7 |
|a Early works.
|2 fast
|0 (OCoLC)fst01411636
|
| 655 |
|
7 |
|a Controversial literature.
|2 fast
|0 (OCoLC)fst01423907
|
| 655 |
|
7 |
|a Electronic books.
|2 local
|
| 700 |
1 |
|
|a Resnick, Irven M.,
|e translator.
|
| 710 |
2 |
|
|a Project Muse.
|e distributor
|
| 830 |
|
0 |
|a Book collections on Project MUSE.
|
| 856 |
4 |
0 |
|z Texto completo
|u https://projectmuse.uam.elogim.com/book/24413/
|
| 945 |
|
|
|a Project MUSE - Custom Collection
|
| 945 |
|
|
|a Project MUSE - 2013 Philosophy and Religion
|
| 945 |
|
|
|a Project MUSE - 2013 Complete
|